000 01050nam a22002177a 4500
003 BD-DhJNU
005 20260416054412.0
008 260416b |||||||| |||| 00| 0 eng d
020 _a9788194600923
040 _aBD-DhJNU
_bBEN
_cBD-DhJNU
_dBD-DhJNU
082 _223
_a954.14
100 _aরায়, দীনেন্দ্রকুমার
242 _aSociology of that time /
_cDinendra Kumar Roy
245 _aসেকালের সমাজচিত্র /
_cদীনেন্দ্রকুমার রায়
260 _aকলকাতা :
_bসুপ্রকাশ,
_c2023.
300 _a১২৭ পৃ. :
_bচিত্র ;
_c২২ সেমি.।
504 _aগ্রন্থপঞ্জিগত নির্দেশিকা ও নিঘন্ট অন্তভূক্ত
650 _aSocial life and customs -- Bengal -- 19th century
650 _aসামাজিক জীবন ও রীতিনীতি -- বাংলা -- ঊনবিংশ শতাব্দী
942 _2ddc
_cBK
_n0
999 _c2680
_d2680